Sedmnáct slabik haiku /

Main Author: Guštar, Milan, 1963-
Language: Czech
Published: [Praha] : Uvnitř, 2022
Physical Description: 21 nečíslovaných listů ; 18 cm
Book
Saved in:
LEADER 01243nam a2200409 i 4500
001 nkc20223448671
003 CZ PrNK
005 20230321191045.0
007 ta
008 221122s2022 xr g 000 p cze
015 |a cnb003448671 
020 |a 978-80-908053-4-7  |q (brožováno) 
035 |a (OCoLC)1375350144 
040 |a ABG001  |b cze  |e rda 
072 7 |a 821.162.3-1  |x Česká poezie  |2 Konspekt  |9 25 
080 |a 821.162.3-1  |2 MRF 
080 |a (0:82-1)  |2 MRF 
080 |a (0:82-14)  |2 MRF 
100 1 |a Guštar, Milan,  |d 1963-  |7 mzk2007390403  |4 aut 
245 1 0 |a Sedmnáct slabik haiku /  |c Milan Guštar 
246 3 |a Sedmnáct 
246 1 8 |a 17 
264 1 |a [Praha] :  |b Uvnitř,  |c 2022 
300 |a 21 nečíslovaných listů ;  |c 18 cm 
336 |a text  |b txt  |2 rdacontent 
337 |a bez média  |b n  |2 rdamedia 
338 |a svazek  |b nc  |2 rdacarrier 
655 7 |a česká poezie  |7 fd133958  |2 czenas 
655 7 |a haiku  |7 fd118832  |2 czenas 
655 9 |a Czech poetry  |2 eczenas 
655 9 |a haiku  |2 eczenas 
910 2 |a BOA001  |b 1-1499.308 
920 |a 4679244  |z ABG001 
990 |a BK 
995 |a 01 
991 |b 202212  |c NOV 
996 6 |b 2610923380  |c 1-1499.308  |l MZK  |r Sklad / do 1 hodiny  |n 0  |p p.v.  |w 001906681  |u 000010  |a 1  |e BOA001  |j MZK50  |s P